00352 a2200097 450000100060000008200120000610000470001824501400006526000260020550000230023192335 aPR 2382 aAsad; Prof Fida Khan and Zishan (Advisors) aInterface the Accelerometer and Flux Sensor with the Microcontroller to Design the Lab Model of Attitude and Direction Findern60'B' EC aIslamabadbNUSTc2005 aBE Project Report